000 00583nam a2200229Ia 4500
003 OSt
005 20221005124812.0
006 a|||||r|||| 00| 0
007 ta
008 221004b |||||||| |||| 00| 0 eng d
024 _a57819
037 _cTextual
040 _aCRL
_cCRL
_beng
041 _2eng
_aeng
082 _aV2:2:9ZqN37, G7
100 _aAiyar V R Subrahmanya
_9635794
245 0 _aNew constitution of India
260 _c1937
650 _aHISTORY
942 _hV2:2:9ZqN37, G7
_cTEXL
_2cc
999 _c1051637
_d1051637